Un ritual al encuentro íntimo en la naturaleza con la primera infancia.
Gespeichert in:
| 1. Verfasser: | |
|---|---|
| Weitere Verfasser: | |
| Format: | Buch |
| Veröffentlicht: |
Valparaíso, Chile:
Ediciones Universitarias de Valparaíso,
2022.
|
| Schlagworte: | |
| Tags: |
Tag hinzufügen
Keine Tags, Fügen Sie den ersten Tag hinzu!
|
MARC
| LEADER | 00000nam a22000007a 4500 | ||
|---|---|---|---|
| 003 | CL-VaPUC | ||
| 005 | 20230330095942.0 | ||
| 008 | 230314t2022 ||||| |||| 00| 0 eng d | ||
| 999 | |c 440140 |d 440138 | ||
| 020 | |a 978-956-17-1011-5 | ||
| 040 | |c Pontificia Universidad Católica de Valparaíso | ||
| 082 | |2 22 |a 372.357 BAR 2022 | ||
| 100 | 1 | |a Barros Hoffman, Ana María |e autora |9 880607 | |
| 245 | |a Un ritual al encuentro íntimo en la naturaleza con la primera infancia. | ||
| 260 | |a Valparaíso, Chile: |b Ediciones Universitarias de Valparaíso, |c 2022. | ||
| 300 | |a 78 páginas, |b ilustraciones. | ||
| 500 | |a Donación EUV GDE 8-3-2023 | ||
| 583 | |k GC |c 20230314 | ||
| 650 | 0 | |9 382871 |a Educación integral |x Niños |x Estímulos sensoriales |x Naturaleza | |
| 650 | 0 | |9 387723 |a Educación infantil |x Técnicas de relajación |x Primera infancia |x 2 - 7 años | |
| 650 | 0 | |9 260381 |a Educación preescolar |x Yoga infantil |x Primera infancia |x 2 - 7 años | |
| 700 | |a Ríos Bernal, Gilda |e autora |9 880608 | ||
| 942 | |2 ddc |c BK | ||
| 952 | |0 0 |1 0 |2 ddc |4 0 |6 372_357000000000000_BAR_2022 |7 0 |8 A |9 589034 |a BIBEDU |b BIBEDU |c GEN |d 2023-03-14 |e Donación |i 5656579 |o 372.357 BAR 2022 |p 5656579 |r 2023-03-14 |t 1 |w 2023-03-14 |y BK |k PAR | ||